Normal view
MARC view
- Computerized self-help devices for people with disabilities
Entry Topical Term
001 - CONTROL NUMBER
- control field: 20176
003 - CONTROL NUMBER IDENTIFIER
- control field: OSt
005 - DATE AND TIME OF LATEST TRANSACTION
- control field: 20170424163228.0
008 - FIXED-LENGTH DATA ELEMENTS
- fixed length control field: 170424|| aca||babn | a|a d
040 ## - CATALOGING SOURCE
- Original cataloging agency: OSt
150 ## - HEADING--TOPICAL TERM
- Topical term or geographic name entry element: Computerized self-help devices for people with disabilities
